Tennessee Titans: Most Passing TDs Each Year - Statistics

General Stats
  • This quiz has been taken 701 times
    110 since last reset
  • The average score is 38 of 65
Answer Stats
Year Player TDs % Correct
2019 Ryan Tannehill 22
99%
2020 Ryan Tannehill 33
99%
2021 Ryan Tannehill 23
99%
2022 Ryan Tannehill 13
99%
1984 Warren Moon 12
98%
1985 Warren Moon 15
98%
1986 Warren Moon 13
98%
1987 Warren Moon 21
98%
1988 Warren Moon 17
98%
1989 Warren Moon 23
98%
1990 Warren Moon 33
98%
1991 Warren Moon 23
98%
1992 Warren Moon 18
98%
1993 Warren Moon 21
98%
1997 Steve McNair 14
89%
1998 Steve McNair 15
89%
1999 Steve McNair 12
89%
2000 Steve McNair 15
89%
2001 Steve McNair 21
89%
2002 Steve McNair 22
89%
2003 Steve McNair 24
89%
2005 Steve McNair 16
89%
2015 Marcus Mariota 19
87%
2016 Marcus Mariota 26
87%
2017 Marcus Mariota 13
87%
2018 Marcus Mariota 11
87%
2023 Will Levis 8
84%
2024 Will Levis 13
84%
2006 Vince Young 12
81%
2007 Vince Young 9
81%
2009 Vince Young 10
81%
2012 Jake Locker 10
55%
2008 Kerry Collins 12
45%
2010 Kerry Collins 14
45%
2013 Ryan Fitzpatrick 14
42%
1960 George Blanda 24
36%
1961 George Blanda 36
36%
1962 George Blanda 27
36%
1963 George Blanda 24
36%
1964 George Blanda 17
36%
1965 George Blanda 20
36%
1966 George Blanda 17
36%
1971 Dan Pastorini 7
35%
1972 Dan Pastorini 7
35%
1974 Dan Pastorini 10
35%
1975 Dan Pastorini 14
35%
1976 Dan Pastorini 10
35%
1977 Dan Pastorini 13
35%
1978 Dan Pastorini 16
35%
1979 Dan Pastorini 14
35%
2011 Matt Hasselbeck 18
35%
1980 Ken Stabler 13
31%
1981 Ken Stabler 14
31%
2014 Zach Mettenberger 8
24%
1982 Gifford Nielsen / Archie Manning 6
22%
1970 Charley Johnson 7
20%
1995 Chris Chandler 17
16%
1996 Chris Chandler 16
16%
2004 Billy Volek 18
12%
1983 Oliver Luck 8
11%
1994 Billy Joe Tolliver / Bucky Richardson 6
10%
1973 Lynn Dickey 6
5%
1968 Don Trull 10
4%
1967 Pete Beathard 9
4%
1969 Pete Beathard 10
4%
No matching quizzes found
Score Distribution
Percent of People with Each Score
Percentile by Number Answered
Your Score History
You have not taken this quiz since the last reset